| 000 | 00888nam a2200265 4500 | ||
|---|---|---|---|
| 001 | 30288 | ||
| 003 | BD-RjUL | ||
| 005 | 20211209051536.0 | ||
| 008 | 140409s1970 enkab b 001 0 eng d | ||
| 020 | _a0718107772 | ||
| 035 | _a(BD-RjUL)30373 | ||
| 040 |
_aDLC _cDLC _dDLC _dBD-RjUL _beng |
||
| 041 | _aeng | ||
| 082 | 0 | 0 |
_a582.13 _bEVW 1970 |
| 100 | 1 |
_aEverard, Barbara. _992086 |
|
| 245 | 1 | 0 |
_aWild flowers of the world : _ba thousand beautiful plants / _cpainted by Barbara Everard; text by Brian D. Morley; consultant editors W. T. Stearn, Peter S. Green. |
| 260 |
_aLondon : _bEbury P. Joseph, _c1970. |
||
| 300 |
_a432 p. : _bcol. illus., maps. _c32 cm. |
||
| 504 | _aBibliography: p. 28-29.and index. | ||
| 650 | 0 |
_aWild flowers _xPictorial works. _992087 |
|
| 700 | 1 |
_aMorley, Brian D. _q(Brian Derek) _992088 |
|
| 942 |
_2ddc _cBK |
||
| 999 |
_c30288 _d30288 |
||